| 000 | 00445nam a2200169 4500 | ||
|---|---|---|---|
| 001 | VA38634 | ||
| 003 | ES-SlBCS | ||
| 005 | 20210601154502.0 | ||
| 008 | 140520s1971 xxu||||| |||| 00| 0 spa d | ||
| 041 | _aspa | ||
| 100 | 1 |
_aRincón, Tomás _931598 |
|
| 245 | 1 | 0 |
_aEl matrimonio, misterio y signo. Siglos IX-XIII _cTomás Rincón |
| 260 |
_aPamplona : _bEunsa _c, 1971 |
||
| 300 |
_a444 p.; _c21 cm |
||
| 650 |
_aMatrimonio _915731 |
||
| 942 | _cBK | ||
| 999 |
_c805398 _d805398 |
||